[Event "FRA-chT4 0102"]
[Site "Champagne Ardenne"]
[Date "2002.01.20"]
[Round "4"]
[White "Voguet, Francois"]
[Black "Hellier, Yohann"]
[Result "0-1"]
[WhiteElo "1800"]
[BlackElo "1530"]
[PlyCount "132"]
[EventDate "2002.10.??"]
[EventType "team-tourn"]
[EventRounds "7"]
[EventCountry "FRA"]
[SourceTitle "EXT 2005"]
[Source "ChessBase"]
[SourceDate "2004.11.15"]
[SourceVersion "1"]
[SourceVersionDate "2004.11.15"]
[SourceQuality "1"]

1. e4 e6 2. Nf3 d5 3. e5 Bd7 4. Be2 c5 5. c3 Qb6 6. 0-0 Bb5 7. d4 Bxe2 8. Qxe2 Nc6 9. Rd1 Nge7 10. dxc5 Qxc5 11. Be3 Qa5 12. b4 Qc7 13. Bf4 Ng6 14. Bg3 0-0-0 15. a4 a5 16. b5 Na7 17. Na3 Bxa3 18. Rxa3 Qc4 19. Qb2 b6 20. Raa1 Kb7 21. Rd4 Qc7 22. Rc1 Rc8 23. Qb3 Ne7 24. Bf4 Nf5 25. Rdd1 Qc4 26. Nd2 Qxb3 27. Nxb3 Rc4 28. Nd4 Rhc8 29. Nxf5 exf5 30. g3 Rd8 31. Rd4 Rxd4 32. cxd4 Rc8 33. Kf1 Rxc1+ 34. Bxc1 Kc7 35. Ke2 Kd7 36. Ke3 g5 37. h4 h6 38. hxg5 hxg5 39. Kf3 g4+ 40. Kf4 Ke6 41. Kg5 Nc8 42. Ba3 Na7 43. Bd6 Nc8 44. Bc7 Kd7 45. Kxf5 Kxc7 46. Kf6 Kd7 47. Kxf7 Kd8 48. Kf6 Ke8 49. Kg5 Na7 50. Kxg4 Nxb5 51. f4 Nxd4 52. Kg5 b5 53. axb5 Nxb5 54. f5 a4 55. f6 Kf7 56. Kf5 Nc7 57. g4 a3 58. g5 a2 59. g6+ Kg8 60. e6 Nxe6 61. Kxe6 a1Q 62. Ke7 Qa7+ 63. Ke6 Qb6+ 64. Ke7 Qc7+ 65. Ke6 d4 66. f7+ Kg7 0-1

[Event "FRA-chT4 0001"]
[Site "Champagne Ardenne"]
[Date "2000.11.19"]
[Round "2"]
[White "Lherbier, Xavier"]
[Black "Hellier, Yohann"]
[Result "1-0"]
[WhiteElo "1900"]
[BlackElo "1500"]
[PlyCount "38"]
[EventDate "2001.10.??"]
[EventType "team-tourn"]
[EventRounds "7"]
[EventCountry "FRA"]
[SourceTitle "EXT 2005"]
[Source "ChessBase"]
[SourceDate "2004.11.15"]
[SourceVersion "1"]
[SourceVersionDate "2004.11.15"]
[SourceQuality "1"]

1. d3 d5 2. g3 Bf5 3. Bg2 e6 4. Nc3 Nf6 5. Bg5 Nbd7 6. e4 dxe4 7. dxe4 Bg6 8. f4 h6 9. Bh4 Bh5 10. Nf3 Be7 11. h3 Nh7 12. Bxe7 Bxf3 13. Bxd8 Bxd1 14. Bxc7 Bxc2 15. e5 Rc8 16. Nb5 Ke7 17. Bxb7 Rce8 18. Rc1 Nc5 19. Bd6+ Kd7 1-0